Nové trendy elektronického podnikania a ich vplyv na podnikanie na internete

Charakteristika elektronického podnikania – vymedzenie základných pojmov. Transformácia obchodu. Nové trendy elektronického podnikania a ich vplyv na podnikanie na internete. Charakteristické identifikátory potreby presunu aktivít do elektronickej podoby.

Uložené v:
Podrobná bibliografia
Hlavný autor: Szivósová, Mária, 1958-
Médium: Kapitola
Jazyk:Slovak
Predmet:
Tagy: Pridať tag
Žiadne tagy, Buďte prvý, kto otaguje tento záznam!

MARC

LEADER 00000naa$a2200000$$$4500
001 0249022
005 20240502074000.6
041 0 |a slo 
044 |a SK 
245 1 0 |a Nové trendy elektronického podnikania a ich vplyv na podnikanie na internete  |c Mária Szivósová 
520 |a Charakteristika elektronického podnikania – vymedzenie základných pojmov. Transformácia obchodu. Nové trendy elektronického podnikania a ich vplyv na podnikanie na internete. Charakteristické identifikátory potreby presunu aktivít do elektronickej podoby. 
610 2 0 |a podnikanie elektronické 
610 2 0 |a obchod elektronický 
610 2 0 |a internet 
610 2 0 |a komunikácia elektronická 
610 2 0 |a telefón mobilný 
100 1 |a Szivósová, Mária, 1958-